[Event "AUTO-MASTER-236"]
[Site "http://www.queenalice.com/game.php?id=138511"]
[Date "2006.12.8"]
[Round "1"]
[White "Pannonius"]
[Black "SVFinito"]
[Result "1/2-1/2"]
[WhiteElo "1957"]
[BlackElo "2195"]

1. e4 e5 2. Nf3 Nc6 3. Bb5 a6 4. Ba4 Nf6 5. O-O Be7 6. d3 d6 7. h3 O-O 8. Be3 b5
9. Bb3 Na5 10. Nbd2 c5 11. c4 Nxb3 12. axb3 Bb7 13. Nh2 Qd7 14. f4 a5 15. f5
Rfb8 16. Ng4 Bc6 17. Nxf6+ Bxf6 18. Qg4 bxc4 19. dxc4 a4 20. Bg5 Bxg5 21. Qxg5
f6 22. Qe3 Qd8 23. Ra3 axb3 24. Rfa1 Rb4 25. Rxa8 Bxa8 26. Ra3 Qb8 27. Qd3 Bc6
28. Nxb3 Kf7 29. Kf2 Ke7 30. Kg1 Be8 31. Kh2 g6 32. h4 gxf5 33. exf5 Bc6 34. Qg3
Kf7 35. Na5 Ba8 36. Qg4 Qh8 37. Nb3 Qf8 38. Ra7+ Rb7 39. Ra3 Rd7 40. Nd2 Bc6 41.
Ne4 Ke7 42. Ra6 h5 43. Qe2 Bb7 44. Rb6 Qd8 45. Rb3 Qg8 1/2-1/2

[Event "AUTO-MASTER-236"]
[Site "http://www.queenalice.com/game.php?id=138512"]
[Date "2006.12.8"]
[Round "1"]
[White "SVFinito"]
[Black "Pannonius"]
[Result "1/2-1/2"]
[WhiteElo "2197"]
[BlackElo "1947"]

1. e4 g6 2. d4 Bg7 3. Nc3 d6 4. f4 Nf6 5. Nf3 O-O 6. Bd3 Bg4 7. h3 Bd7 8. e5 Ne8
9. O-O Qc8 10. Nd5 Qd8 11. c4 c6 12. Nc3 Na6 13. a3 Nac7 14. Be3 b5 15. b3 Rb8
16. Qc2 Kh8 17. b4 Qc8 18. c5 d5 19. a4 bxa4 20. Rxa4 f6 21. Rxa7 Rxb4 22. Rb1
Rxb1+ 23. Qxb1 fxe5 24. Nxe5 Bxh3 25. gxh3 Qxh3 26. Nd1 Bxe5 27. dxe5 Ne6 28.
Ra2 d4 29. Bf1 Qf3 30. Bg2 Qg3 31. Bf2 Qxf4 32. Qe4 Qc1 33. Qc2 Qg5 34. Qa4 N8c7
35. Qxc6 Nf4 36. Qe4 Nce6 37. Ra8 Rxa8 38. Qxa8+ 1/2-1/2

[Event "QA-ANNIV-01"]
[Site "http://www.queenalice.com/game.php?id=150520"]
[Date "2007.1.5"]
[Round "7"]
[White "Pannonius"]
[Black "Alsina"]
[Result "1/2-1/2"]
[WhiteElo "1933"]
[BlackElo "2404"]

1. e4 e5 2. Nf3 Nc6 3. Bb5 a6 4. Ba4 Nf6 5. O-O Be7 6. d4 exd4 7. e5 Ne4 8. Re1
Nc5 9. Bxc6 dxc6 10. Nxd4 O-O 11. Nc3 Re8 12. Be3 Bf8 13. f4 f6 14. exf6 Qxf6
15. Qf3 Bf5 16. Nxf5 Qxf5 17. Re2 Rad8 18. Rae1 Nd7 19. Kh1 Nf6 20. h3 Bb4 21.
g4 Qd7 22. Rd1 Qf7 23. Rxd8 Rxd8 24. Bd2 Bxc3 25. Bxc3 Qxa2 26. Bxf6 gxf6 27.
Qc3 Qd5+ 28. Kh2 Rf8 29. Kg3 b6 30. b4 Rf7 31. Re8+ Kg7 32. f5 Qd6+ 33. Kh4 Re7
34. Rxe7+ Qxe7 35. Qxc6 Qxb4 36. Qxc7+ Kh6 37. Kg3 Qc5 38. Qf7 Qe3+ 39. Kg2 Qc3
40. Qf8+ Kg5 41. Qg7+ Kf4 42. Qh6+ Ke4 43. Qxh7 a5 44. Qe7+ Kf4 45. Qd6+ Kg5 46.
Qxb6 a4 47. Qa7 Qxc2+ 48. Kf3 Qb3+ 49. Kg2 a3 50. Qc5 Qb2+ 51. Kf3 Kh4 52. Qe3
Qb7+ 53. Kf2 Qb2+ 54. Kf3 Qb7+ 1/2-1/2

[Event "AUTO-MASTER-289"]
[Site "http://www.queenalice.com/game.php?id=188979"]
[Date "2007.3.28"]
[Round "1"]
[White "javierqz"]
[Black "Pannonius"]
[Result "1-0"]
[WhiteElo "2022"]
[BlackElo "2009"]

1. d4 Nf6 2. c4 e5 3. dxe5 Ne4 4. Nf3 b6 5. Nbd2 Bb4 6. a3 Bxd2+ 7. Nxd2 Nc5 8.
b4 Ne6 9. e3 Bb7 10. Nf3 O-O 11. Be2 a5 12. Bb2 Nc6 13. b5 Ne7 14. O-O h6 15.
Nd4 Qc8 16. Bf3 Bxf3 17. Qxf3 Nc5 18. Rad1 Re8 19. Qg4 d6 20. Qh5 dxe5 21. Qxe5
f6 22. Qh5 Rf8 23. Qe2 Rd8 24. f3 Rd6 25. e4 Qd7 26. Rd2 Rd8 27. Rfd1 Kh8 28.
Bc1 Kh7 29. Qe3 Qe8 30. Ne2 Rxd2 31. Rxd2 Rxd2 32. Bxd2 c6 33. Bxa5 Qd7 34. Kh1
cxb5 35. Bxb6 Na4 36. c5 Qd1+ 37. Ng1 Nc6 38. h4 Qd4 39. Qxd4 Nxd4 40. Kh2 Nc3
41. Ba5 1-0

[Event "AUTO-MASTER-289"]
[Site "http://www.queenalice.com/game.php?id=188980"]
[Date "2007.3.28"]
[Round "1"]
[White "Pannonius"]
[Black "javierqz"]
[Result "1-0"]
[WhiteElo "1971"]
[BlackElo "2083"]

1. e4 d5 2. exd5 Qxd5 3. Nc3 Qd6 4. Nf3 Nf6 5. Be2 a6 6. d3 b5 7. a3 Bb7 8. O-O
e6 9. Bg5 Nbd7 10. Qe1 Be7 11. Rd1 O-O 12. Ne4 Qb6 13. Be3 c5 14. Nxf6+ Nxf6 15.
b4 Rac8 16. h3 Nd5 17. Qd2 Rfd8 18. bxc5 Bxc5 19. Bxc5 Qxc5 20. c4 bxc4 21. dxc4
Qxa3 22. cxd5 Bxd5 23. Ra1 Qe7 24. Qe3 Rb8 25. Rxa6 Rb3 26. Qc1 Qb7 27. Ra3 Rc8
28. Rxb3 Bxb3 29. Qa1 Ra8 30. Qd4 Bd5 31. Ra1 Rc8 32. Ba6 1-0

[Event "AUTO-MASTER-289"]
[Site "http://www.queenalice.com/game.php?id=188991"]
[Date "2007.3.28"]
[Round "1"]
[White "sakhan"]
[Black "Pannonius"]
[Result "0-1"]
[WhiteElo "1674"]
[BlackElo "2013"]

1. d4 d5 2. c4 e6 3. Nf3 Nf6 4. a3 c6 5. b4 Be7 6. Nc3 O-O 7. e3 Nbd7 8. Bb2 Qc7
9. Bd3 dxc4 10. Bxc4 Nb6 11. Bd3 Nfd5 12. Qc2 f5 13. O-O Nxc3 14. Bxc3 Nd5 15.
Bd2 Nf6 16. a4 Bd6 17. Rac1 Qf7 18. Ng5 Qh5 19. f4 a6 20. Rf3 h6 21. Rh3 Qg6 22.
Nf3 Qf7 23. Ne5 Qe8 24. Be1 Nd5 25. Qb3 Bd7 26. Bd2 Bxe5 27. fxe5 Rc8 28. Rf3
Qh5 29. Rcf1 Rcd8 30. Rh3 Qg6 31. Rff3 Rf7 32. Qd1 Rdf8 0-1

[Event "AUTO-MASTER-289"]
[Site "http://www.queenalice.com/game.php?id=188992"]
[Date "2007.3.28"]
[Round "1"]
[White "Pannonius"]
[Black "sakhan"]
[Result "1-0"]
[WhiteElo "1994"]
[BlackElo "1815"]

1. e4 c5 2. Nf3 Nc6 3. d4 cxd4 4. Nxd4 g6 5. Bc4 Bg7 6. Nxc6 bxc6 7. Nc3 Qc7 8.
O-O Nf6 9. Be3 O-O 10. h3 Rb8 11. Bb3 Ba6 12. Re1 e6 13. Bc5 Rfd8 14. Bd6 Qb6
15. e5 Nd5 16. Ne4 Rb7 17. Qd2 h6 18. Rad1 f5 19. exf6 Nxf6 20. Nxf6+ Bxf6 21.
Qxh6 Kf7 22. Qh7+ Bg7 23. Be5 Rg8 24. Bxg7 Rxg7 25. Rxd7+ Rxd7 26. Bxe6+ Kf6 27.
Qh4+ g5 28. Qh6+ Rg6 29. Qf8+ 1-0

[Event "AUTO-MASTER-289"]
[Site "http://www.queenalice.com/game.php?id=188997"]
[Date "2007.3.28"]
[Round "1"]
[White "R_Mutt"]
[Black "Pannonius"]
[Result "1-0"]
[WhiteElo "2264"]
[BlackElo "2015"]

1. Nf3 d5 2. g3 c5 3. Bg2 Nf6 4. O-O Nc6 5. d3 Bg4 6. Nbd2 e6 7. e4 Be7 8. Re1
O-O 9. exd5 Nxd5 10. c3 Rc8 11. Qc2 Re8 12. a4 a5 13. Nc4 h6 14. Nfe5 Nxe5 15.
Nxe5 Bf5 16. Nc4 Bf6 17. Qe2 h5 18. Ne3 Nxe3 19. Bxe3 Bxd3 20. Qxh5 Qb6 21. Rad1
Red8 22. Rd2 Bf5 23. Red1 Rxd2 24. Rxd2 Rd8 25. Qe2 Rxd2 26. Qxd2 Qc7 27. Bf4 e5
28. Be3 b6 29. h3 Bd7 30. b3 Bc6 31. Bxc6 Qxc6 32. Kh2 b5 33. axb5 Qxb5 34. Qd5
a4 35. Qa8+ 1-0

[Event "AUTO-MASTER-289"]
[Site "http://www.queenalice.com/game.php?id=188998"]
[Date "2007.3.28"]
[Round "1"]
[White "Pannonius"]
[Black "R_Mutt"]
[Result "1-0"]
[WhiteElo "1991"]
[BlackElo "2294"]

1. Nf3 Nf6 2. b3 g6 3. Bb2 Bg7 4. e3 O-O 5. Be2 c5 6. O-O d5 7. d3 Nc6 8. Nbd2
b6 9. h3 Bb7 10. c4 Re8 11. a3 e5 12. cxd5 Nxd5 13. Qc2 Rc8 14. Rac1 a6 15. g3
Nde7 16. Ng5 h6 17. Ngf3 Nf5 18. Ne4 Qd7 19. Nfd2 Nfd4 20. exd4 cxd4 21. Qd1 f5
22. Nc4 fxe4 23. Nxb6 Qd6 24. Nxc8 Bxc8 25. dxe4 Bxh3 26. Re1 Ne7 27. Bg4 Bxg4
28. Qxg4 Rb8 29. Qd1 a5 30. Qd3 Qb6 31. b4 axb4 32. axb4 Qxb4 33. Ba3 1-0

[Event "QA-ANNIV-01"]
[Site "http://www.queenalice.com/game.php?id=206313"]
[Date "2007.5.5"]
[Round "8"]
[White "Pannonius"]
[Black "jimwilson"]
[Result "1/2-1/2"]
[WhiteElo "1974"]
[BlackElo "2032"]

1. e4 c6 2. d4 d5 3. exd5 cxd5 4. Nf3 Nc6 5. Be2 Nf6 6. O-O Bg4 7. Be3 e6 8.
Nbd2 Bd6 9. h3 Bf5 10. a3 Qb6 11. b3 O-O 12. Nh4 Nxd4 13. Nxf5 exf5 14. Bd3 Rae8
15. Kh1 f4 16. Nc4 dxc4 17. Bxd4 Bc5 18. Bxc5 Qxc5 19. Bxc4 Ne4 20. Qd5 Qb6 21.
Kg1 Kh8 22. Qd3 Re7 23. Rad1 Rfe8 24. Qd4 Qa5 25. Rfe1 Qg5 26. f3 Nf6 27. Rxe7
Rxe7 28. Qd8+ Ne8 29. Bxf7 g6 30. Bc4 a6 31. Rd7 Re1+ 32. Bf1 Qe5 33. Kh2 Qf6
34. Qc8 1/2-1/2

[Event "QA-ANNIV-01"]
[Site "http://www.queenalice.com/game.php?id=236162"]
[Date "2007.7.7"]
[Round "9"]
[White "Pentotal"]
[Black "Pannonius"]
[Result "1-0"]
[WhiteElo "2256"]
[BlackElo "1976"]

1. e4 g6 2. Nf3 d6 3. d4 Bg7 4. Nc3 Bd7 5. Bc4 e6 6. O-O Ne7 7. Bg5 h6 8. Be3
O-O 9. Qd2 Kh7 10. Rfe1 a6 11. h4 b5 12. Bd3 f5 13. exf5 Nxf5 14. h5 gxh5 15. d5
b4 16. Ne2 exd5 17. Bd4 Nc6 18. Bxg7 Kxg7 19. Nf4 Rf7 20. Ne6+ Bxe6 21. Rxe6 Qh8
22. Rae1 Raf8 23. Qf4 1-0

[Event "AUTO-MASTER-236"]
[Site "http://www.queenalice.com/game.php?id=241593"]
[Date "2007.7.18"]
[Round "2"]
[White "Francisco"]
[Black "Pannonius"]
[Result "1-0"]
[WhiteElo "2135"]
[BlackElo "2027"]

1. d4 Nf6 2. Nf3 e6 3. Bg5 Be7 4. e3 O-O 5. Bd3 Nc6 6. c3 d5 7. Nbd2 Bd7 8. O-O
h6 9. Bh4 Nh7 10. Bxe7 Qxe7 11. Re1 f5 12. a3 Nd8 13. c4 c6 14. Ne5 Be8 15. Rc1
Nf7 16. Ng6 1-0

[Event "AUTO-MASTER-236"]
[Site "http://www.queenalice.com/game.php?id=241594"]
[Date "2007.7.18"]
[Round "2"]
[White "Pannonius"]
[Black "Francisco"]
[Result "0-1"]
[WhiteElo "2015"]
[BlackElo "2224"]

1. e4 c6 2. d4 d5 3. exd5 cxd5 4. Nf3 Nc6 5. Be2 Nf6 6. Be3 e6 7. O-O Bd6 8. h3
h6 9. c4 O-O 10. c5 Bc7 11. a3 e5 12. b4 e4 13. Nh2 Ne7 14. Nc3 a6 15. Ng4 Nxg4
16. Bxg4 f5 17. Bh5 f4 18. Bd2 f3 19. gxf3 Bxh3 20. fxe4 Bxf1 21. Qg4 dxe4 22.
Rxf1 Qxd4 23. Nxe4 Qe5 24. Ng3 Qf6 25. Ne4 Qe5 26. Ng3 Rad8 27. Re1 Qf6 28. Ne4
Qf5 29. Qxf5 Nxf5 30. a4 Nh4 31. Be3 Nf3+ 32. Bxf3 Rxf3 33. b5 Re8 34. Kg2 Rf7
35. f3 Ref8 36. b6 Be5 37. c6 bxc6 38. Bc5 Rd8 39. Rb1 Bb8 40. Bf2 Rd3 41. b7
Rdxf3 42. Bg3 Rxg3+ 43. Nxg3 Rc7 44. Ne4 c5 45. Nc3 c4 46. Kf3 Kf7 47. Ke4 Ke6
48. Rb6+ Kd7 49. Kd5 h5 0-1

[Event "AUTO-MASTER-236"]
[Site "http://www.queenalice.com/game.php?id=241597"]
[Date "2007.7.18"]
[Round "2"]
[White "Pannonius"]
[Black "bohinky"]
[Result "1-0"]
[WhiteElo "2003"]
[BlackElo "2170"]

1. e4 d5 2. exd5 Qxd5 3. Nc3 Qd6 4. Nf3 Nf6 5. d4 c6 6. Be2 Bg4 7. Be3 Nbd7 8.
Qd2 h6 9. h3 Bf5 10. O-O-O e6 11. Bd3 Bxd3 12. Qxd3 Qc7 13. a3 b5 14. Ne4 Nxe4
15. Qxe4 Nf6 16. Qd3 Bd6 17. g4 Nd5 18. c3 b4 19. cxb4 a5 20. bxa5 Rxa5 21. Nd2
O-O 22. Nc4 Rb5 23. h4 Rfb8 24. Rd2 Rb3 25. Qe4 c5 26. Rc2 cxd4 27. Nxd6 Qxd6
28. Bxd4 Qa6 29. g5 Rd8 30. Qe5 f6 31. gxf6 1-0

[Event "AUTO-MASTER-236"]
[Site "http://www.queenalice.com/game.php?id=241598"]
[Date "2007.7.18"]
[Round "2"]
[White "bohinky"]
[Black "Pannonius"]
[Result "1-0"]
[WhiteElo "2185"]
[BlackElo "2026"]

1. d4 Nf6 2. c4 c5 3. dxc5 Nc6 4. Nf3 e5 5. Nc3 Bxc5 6. e3 d6 7. a3 O-O 8. b4
Bb6 9. Bd3 Re8 10. Qc2 h6 11. O-O Bg4 12. Nd2 a5 13. b5 Ne7 14. h3 Bh5 15. Nde4
Nxe4 16. Bxe4 Bg6 17. Bxg6 Nxg6 18. Bb2 Rc8 19. Qe4 Qd7 20. Rfd1 Re6 21. Nd5 Bd8
22. Qg4 Nh4 23. Kh2 h5 24. Qe2 Qe8 25. Rac1 Rh6 26. e4 Bg5 27. Rc2 Ng6 28. g3
Qd8 29. c5 h4 30. c6 bxc6 31. Qg4 hxg3+ 32. fxg3 c5 33. Bc3 Rb8 34. b6 Nf8 35.
Bxa5 Ne6 36. Rf2 Rb7 37. Bc3 Nd4 38. Rb1 Rg6 39. Qd1 Rh6 40. Qf1 Qd7 41. a4 Qxa4
42. Ra1 Qd7 43. Ra8+ Kh7 44. Rf8 1-0

[Event "Uragano"]
[Site "http://www.queenalice.com/game.php?id=250609"]
[Date "2007.8.4"]
[Round "1"]
[White "Enrico"]
[Black "Pannonius"]
[Result "0-1"]
[WhiteElo "1820"]
[BlackElo "2019"]

1. e4 g6 2. Bc4 Bg7 3. Qf3 e6 4. c3 Ne7 5. d4 O-O 6. Ne2 Nbc6 7. O-O d5 8. exd5
exd5 9. Bb5 Bf5 10. Be3 Be4 11. Qg4 a6 12. Bxc6 Nxc6 13. Nd2 h5 14. Qg3 Bd3 15.
Rfe1 Re8 16. Nf4 Bf5 17. a3 Qd6 18. Ne2 Qd7 19. Bf4 Rac8 20. b4 Re7 21. Nb3 b6
22. a4 Rce8 23. Ra2 Bg4 24. f3 Bf5 25. Bg5 f6 26. Bc1 Bd3 27. Qf2 Na7 28. Ba3
Qxa4 29. Nbc1 Bc4 30. Ra1 Nb5 31. Bb2 Qc2 32. Rf1 Bxe2 33. Nxe2 Rxe2 34. Qg3 h4
35. Qg4 Qxb2 36. Qxh4 Rxg2+ 37. Kh1 Ree2 0-1

[Event "Uragano"]
[Site "http://www.queenalice.com/game.php?id=307658"]
[Date "2007.11.21"]
[Round "2"]
[White "Pannonius"]
[Black "tolley"]
[Result "1/2-1/2"]
[WhiteElo "2016"]
[BlackElo "1942"]

1. e4 e5 2. Nf3 Nc6 3. Bb5 a6 4. Ba4 Nf6 5. O-O Nxe4 6. d4 b5 7. Re1 Nxf2 8.
Kxf2 bxa4 9. d5 Bc5+ 10. Be3 Bxe3+ 11. Rxe3 Ne7 12. Rxe5 O-O 13. Nc3 Rb8 14. b3
axb3 15. axb3 Bb7 16. Qd2 Ng6 17. Re2 Qf6 18. Rae1 c6 19. Ne4 Qf4 20. Nc5 Qd6
21. Nxb7 Rxb7 22. dxc6 Qxc6 23. Kg1 d5 24. Kh1 Rd7 25. Nd4 Qc5 26. Ra1 Ra8 27.
Ra5 Qc7 28. Re1 h6 29. b4 Qb7 30. c3 Re7 31. h3 Rae8 32. Rea1 Re3 33. Rxa6 Qc7
34. Ra8 Kh7 35. Rxe8 Rxe8 36. b5 Ne5 37. Qe3 Ng4 38. Qd3+ Re4 39. hxg4 1/2-1/2

[Event "Uragano"]
[Site "http://www.queenalice.com/game.php?id=383637"]
[Date "2008.4.7"]
[Round "3"]
[White "Uragano"]
[Black "Pannonius"]
[Result "1/2-1/2"]
[WhiteElo "1930"]
[BlackElo "2007"]

1. e4 e5 2. Nf3 Nc6 3. Bb5 a6 4. Ba4 Nf6 5. d3 b5 6. Bb3 Be7 7. O-O O-O 8. Bg5
Bb7 9. Nc3 h6 10. Bxf6 Bxf6 11. Nd5 Na5 12. Nxf6+ Qxf6 13. c3 Nxb3 14. Qxb3 Rfd8
15. Rfe1 d5 16. Rad1 dxe4 17. dxe4 c5 18. h3 c4 19. Qc2 Qe7 20. Nh2 Rd6 21. Rxd6
1/2-1/2

[Event "Uragano"]
[Site "http://www.queenalice.com/game.php?id=438759"]
[Date "2008.7.25"]
[Round "4"]
[White "Pannonius"]
[Black "Alain91"]
[Result "0-1"]
[WhiteElo "2006"]
[BlackElo "2076"]

1. e4 e5 2. Nf3 Nc6 3. Bb5 Bd6 4. O-O Nge7 5. c3 O-O 6. d4 Ng6 7. Na3 exd4 8.
cxd4 Bxa3 9. bxa3 d5 10. e5 f6 11. Bb2 Bg4 12. h3 Bxf3 13. Qxf3 fxe5 14. Qg4
Nxd4 15. Bxd4 Rf4 16. Qe6+ Rf7 17. Bxe5 c6 18. Ba4 Qa5 19. Bxg7 Kxg7 20. Bc2
Qxa3 0-1

[Event "Challenge"]
[Site "http://www.queenalice.com/game.php?id=480557"]
[Date "2008.10.21"]
[Round "-"]
[White "Magico"]
[Black "Pannonius"]
[Result "0-1"]
[WhiteElo "1674"]
[BlackElo "2000"]

1. d4 Nf6 2. c3 d5 3. Bg5 g6 4. Bxf6 exf6 5. e3 Be6 6. Bb5+ Nd7 7. Bxd7+ Qxd7 8.
Qb3 b6 9. Na3 c6 10. Nf3 Bd6 11. Qc2 O-O 12. h4 Bg4 13. Nh2 Bxh2 14. Rxh2 Rfe8
15. Nb1 c5 16. Na3 cxd4 17. cxd4 Rac8 18. Qd3 Rc7 19. f3 Bf5 20. Qb3 Rec8 21. g4
Qd6 22. Rg2 Bd7 23. Qd3 f5 24. gxf5 Bxf5 25. e4 Bh3 26. e5 Qb4+ 27. Qd2 Rc1+ 28.
Rxc1 Rxc1+ 29. Ke2 Qxd2+ 30. Kxd2 Rh1 31. Re2 Bd7 32. b4 Rxh4 33. Nc2 Bf5 34. a4
Bxc2 35. Kxc2 Rxd4 36. Kc3 Rf4 37. a5 Rxf3+ 38. Kb2 Rf4 39. Kc3 bxa5 40. bxa5
Ra4 41. Kd3 Rxa5 42. Kc3 Ra4 43. Rd2 Rc4+ 44. Kb3 Kf8 45. Rxd5 Rc6 46. Rd8+ Ke7
47. Rh8 h5 48. Ra8 Rc7 49. Rb8 Ke6 50. Re8+ Re7 51. Ra8 Kxe5 52. Kc4 g5 53. Rb8
Kf4 54. Rb3 g4 55. Rb1 g3 56. Rg1 h4 57. Rf1+ Kg4 58. Kd5 g2 59. Rg1 Kg3 60. Kd6
Re6+ 61. Kd5 Kf2 0-1

[Event "Uragano"]
[Site "http://www.queenalice.com/game.php?id=494613"]
[Date "2008.11.17"]
[Round "5"]
[White "merlos"]
[Black "Pannonius"]
[Result "1/2-1/2"]
[WhiteElo "1948"]
[BlackElo "1987"]

1. e4 g6 2. d4 Bg7 3. Nf3 d6 4. Bd3 Nc6 5. O-O Bg4 6. c3 e5 7. d5 Nce7 8. c4 Nf6
9. Bg5 c5 10. Nc3 h6 11. Be3 O-O 12. Be2 Bd7 13. b3 g5 14. Nd2 Ng6 15. Rb1 Nf4
16. a3 Nxe2+ 17. Qxe2 Ng4 18. b4 b6 19. Nb5 Qe7 20. Nc7 Rac8 21. Nb5 Ra8 22. Nc7
1/2-1/2